[Event "GER OS-077 email"]
[Site "GER email"]
[Date "2008.05.20"]
[Round "?"]
[White "Werner, Philipp"]
[Black "Wanders, Michael"]
[Result "0-1"]
[WhiteElo "1854"]
[BlackElo "2179"]
[PlyCount "26"]
[EventDate "2008.??.??"]
[EventType "tourn (corr)"]
[EventRounds "6"]
[EventCountry "GER"]
[SourceTitle "Corr 2020"]
[Source "ChessBase"]
[SourceDate "2019.09.30"]
[SourceVersion "1"]
[SourceVersionDate "2019.09.30"]
[SourceQuality "1"]

1. d4 Nf6 2. Nf3 e6 3. g3 b5 4. Bg2 Bb7 5. 0-0 c5 6. c3 cxd4 7. cxd4 Be7 8. Bg5 0-0 9. Qd3 Qb6 10. Nbd2 h6 11. Bxf6 Bxf6 12. Rfc1 d6 13. a4 bxa4 0-1

[Event "GER JU-S67 email"]
[Site "GER email"]
[Date "2008.05.12"]
[Round "?"]
[White "Werner, Philipp"]
[Black "Hansch, Stephan"]
[Result "0-1"]
[WhiteElo "1854"]
[BlackElo "2085"]
[PlyCount "26"]
[EventDate "2008.??.??"]
[EventType "tourn (corr)"]
[EventRounds "6"]
[EventCountry "GER"]
[SourceTitle "Corr 2011"]
[Source "ChessBase"]
[SourceDate "2010.08.31"]
[SourceVersion "1"]
[SourceVersionDate "2010.08.31"]
[SourceQuality "1"]

1. e4 c5 2. Nf3 d6 3. d4 cxd4 4. Nxd4 Nf6 5. Nc3 a6 6. Be3 e5 7. Nf3 Qc7 8. a4 Be7 9. Be2 b6 10. 0-0 Bb7 11. Nd2 0-0 12. Nc4 Nbd7 13. f3 Rfd8 0-1